राष्ट्रीय सहकारी वि. महा. विविध कर्ज व अनुदान यो. महा. सरकार (Record no. 334082)

MARC details
000 -LEADER
fixed length control field 00884nam a2200169Ia 4500
008 - FIXED-LENGTH DATA ELEMENTS--GENERAL INFORMATION
fixed length control field 090711s9999 xx 000 0 und d
082 ## - DEWEY DECIMAL CLASSIFICATION NUMBER
Item number 1223
100 ## - MAIN ENTRY--PERSONAL NAME
Personal name काळे जयराम
245 ## - TITLE STATEMENT
Title राष्ट्रीय सहकारी वि. महा. विविध कर्ज व अनुदान यो. महा. सरकार
260 ## - PUBLICATION, DISTRIBUTION, ETC. (IMPRINT)
Name of publisher, distributor, etc मनोविकास प्रकाशन
Date of publication, distribution, etc 1995
300 ## - PHYSICAL DESCRIPTION
Extent 88+2
600 ## - SUBJECT ADDED ENTRY--PERSONAL NAME
Personal name काळे जयराम
630 ## - SUBJECT ADDED ENTRY--UNIFORM TITLE
Uniform title राष्ट्रीय सहकारी वि. महा. विविध कर्ज व अनुदान यो. महा. सरकार
700 ## - ADDED ENTRY--PERSONAL NAME
Personal name काळे जयराम
730 ## - ADDED ENTRY--UNIFORM TITLE
Uniform title राष्ट्रीय सहकारी वि. महा. विविध कर्ज व अनुदान यो. महा. सरकार
942 ## - ADDED ENTRY ELEMENTS (KOHA)
Koha item type Book

No items available.